LEADER 01516oam 2200505zu 450 001 9910676669503321 005 20210807004754.0 010 $a1-68015-980-1 010 $a0-8031-7592-2 035 $a(CKB)3580000000001596 035 $a(SSID)ssj0001646364 035 $a(PQKBManifestationID)16417370 035 $a(PQKBTitleCode)TC0001646364 035 $a(PQKBWorkID)14757240 035 $a(PQKB)11383198 035 $a(EXLCZ)993580000000001596 100 $a20160829d2014 uy 101 0 $aeng 181 $ctxt 182 $cc 183 $acr 200 00$aFire resistant fluids 210 31$a[Place of publication not identified]$cASTM International$d2014 300 $aBibliographic Level Mode of Issuance: Monograph 311 $a0-8031-7591-4 606 $aFire testing$xTesting 606 $aHydraulic fluids 606 $aFire resistant materials 606 $aCivil Engineering$2HILCC 606 $aCivil & Environmental Engineering$2HILCC 606 $aEngineering & Applied Sciences$2HILCC 615 0$aFire testing$xTesting. 615 0$aHydraulic fluids. 615 0$aFire resistant materials. 615 7$aCivil Engineering 615 7$aCivil & Environmental Engineering 615 7$aEngineering & Applied Sciences 676 $a628.9/22 702 $aSherman$b John 712 02$aAmerican Society for Testing and Materials 801 0$bPQKB 906 $aBOOK 912 $a9910676669503321 996 $aFire resistant fluids$93065119 997 $aUNINA LEADER 02988oam 2200697I 450 001 9910953310303321 005 20251116194349.0 010 $a1-138-99781-1 010 $a1-315-85572-0 010 $a1-317-92854-7 010 $a1-317-92855-5 024 7 $a10.4324/9781315855721 035 $a(CKB)2550000001189884 035 $a(EBL)1600504 035 $a(SSID)ssj0001173721 035 $a(PQKBManifestationID)11673425 035 $a(PQKBTitleCode)TC0001173721 035 $a(PQKBWorkID)11106294 035 $a(PQKB)10268489 035 $a(OCoLC)874146395 035 $a(MiAaPQ)EBC1600504 035 $a(Au-PeEL)EBL1600504 035 $a(CaPaEBR)ebr10829740 035 $a(CaONFJC)MIL568812 035 $a(OCoLC)869095361 035 $a(OCoLC)897465333 035 $a(EXLCZ)992550000001189884 100 $a20180706e20141991 uy 0 101 0 $aeng 135 $aur|n|---||||| 181 $ctxt 182 $cc 183 $acr 200 14$aThe difficulty of difference $epsychoanalysis, sexual difference & film theory /$fD.N. Rodowick 205 $a1st ed. 210 1$aLondon ;$aNew York :$cRoutledge,$d2014. 215 $a1 online resource (321 p.) 225 0 $aRoutledge Library Editions: Cinema ;$vVolume 26 300 $a"First published in 1991"--T.p. verso. 311 08$a0-415-72676-X 311 08$a1-306-37561-4 320 $aIncludes bibliographical references and index. 327 $aCover; Half Title; Title Page; Copyright Page; Original Title Page; Original Copyright Page; Table of Contents; Note on Abbreviations; Preface; Chapter 1 The Difficulty of Difference; Chapter 2 The Return of the Exile; Chapter 3 Reading Freud ... Differently; Chapter 4 Metamorphoses; Chapter 5 The Difference of Reading; Chapter 6 Analysis Interminable; Notes; Index 330 $aThis book argues that serious misreadings of Freud and Lacan on sexual difference have characterized prevailing models of psychoanalytic film criticism. In critiquing theories of identification and female spectatorship, the author maintains that early film theorists and feminist critics are equally guilty of imposing a binary conception of sexual difference on Freud's thought. By embracing such a rigid definition of male/female difference, they fail to understand the fundamentally complex and fluid process of sexual identification as it is articulated in Freud's writing, constructed in film 410 0$aRoutledge library editions.$pCinema. 606 $aFilm criticism 606 $aSex differences (Psychology) 606 $aPsychoanalysis 615 0$aFilm criticism. 615 0$aSex differences (Psychology) 615 0$aPsychoanalysis. 676 $a91.43/013 676 $a791.43015 700 $aRodowick$b David Norman$0551236 801 0$bMiAaPQ 801 1$bMiAaPQ 801 2$bMiAaPQ 906 $aBOOK 912 $a9910953310303321 996 $aThe difficulty of difference$94493895 997 $aUNINA